000 00756nam a2200181Ia 4500
008 100920s9999 xx 000 0 und d
082 _b41567
_a200 थ 60
100 _aखुपेरकर बाळाचार्य माधवाचार्य.
245 _aश्री शैवागम आणि ज्ञानेश्वर.
260 _bशिक्षण प्रसारक मंडळी पुणे.
_c1960
300 _a120
_bसाधी
365 _b2
520 _aधार्मिक.
630 _aश्री शैवागम आणि ज्ञानेश्वर.
650 _aधार्मिक.
730 _aश्री शैवागम आणि ज्ञानेश्वर.
942 _cBOOK
999 _c692111
_d692108